Girasol. Revista de la Escuela de estudios Generales. Memoria del IX Congreso de filología, lingüística y literatura: Joaquín Gutiérrez Mangel / Universidad de Costa Rica. Vicerrectoría de Investigación
Salvato in:
| Ente Autore: | |
|---|---|
| Natura: | Libro |
| Lingua: | Undetermined |
| Pubblicazione: |
San José, Costa Rica
Editorial de la Universidad de Costa Rica
2004
|
| Soggetti: | |
| Tags: |
Aggiungi Tag
Nessun Tag, puoi essere il primo ad aggiungerne!!
|
MARC
| LEADER | 00000nam a2200000Ia 4500 | ||
|---|---|---|---|
| 008 | 170316s9999 xx 000 0 und d | ||
| 040 | |a cru BVZT | ||
| 090 | |a CG-001 U-1g | ||
| 110 | |a Universidad de Costa Rica. Vicerrectoría de Investigación | ||
| 245 | |a Girasol. Revista de la Escuela de estudios Generales. Memoria del IX Congreso de filología, lingüística y literatura: Joaquín Gutiérrez Mangel / Universidad de Costa Rica. Vicerrectoría de Investigación | ||
| 260 | |a San José, Costa Rica | ||
| 260 | |b Editorial de la Universidad de Costa Rica | ||
| 260 | |c 2004 | ||
| 300 | |a 315 páginas | ||
| 650 | |a CULTURA GENERAL | ||
| 650 | |a REVISTA | ||
| 650 | |a JOAQUÍN GUTIÉRREZ MANGEL | ||
| 650 | |a IDENTIDAD CULTURAL | ||
| 650 | |a CONFERENCIA-IDENTIDAD Y CULTURA EN EL TRABAJO LITERARIO DE JOAQUÍN GUTIÉRREZ MANGEL | ||
| 650 | |a CONFERENCIA-RECUERDOS DE JOAQUÍN | ||
| 650 | |a CONFERENCIA-LOPE DE VEGA EN LOS ORÍGENES DE LA COMEDIA NUEVA | ||
| 650 | |a CONFERENCIA-LA LEYENDA DE LA VÍRGEN DE GUADALUPE EN EL TEATRO BARROCO ESPAÑOL | ||
| 650 | |a HUMANISMO | ||
| 650 | |a CULTURA | ||
| 650 | |a IDENTIDAD | ||
| 650 | |a LINGUÍSTICA APLICADA | ||
| 650 | |a LITERATURA EN LENGUA ESPAÑOLA | ||
| 650 | |a REVISTA | ||
| 999 | |c 15215 |d 15215 | ||
| 942 | |c 15 D |h CG-001 U-1g |2 z | ||
